Φιλοσοφία της παιδείας : το υπόβαθρο της εκπαιδευτικής πολιτικής

Αποθηκεύτηκε σε:
Λεπτομέρειες βιβλιογραφικής εγγραφής
Κύριος συγγραφέας: Πολυχρονόπουλος, Πάνος
Μορφή: Βιβλίο
Γλώσσα:Greek
Δημοσίευση: Αθήνα : Παιδαγωγία, 1992
Έκδοση:4η έκδ.
Θέματα:
Ετικέτες: Προσθήκη ετικέτας
Δεν υπάρχουν, Καταχωρήστε ετικέτα πρώτοι!

MARC

LEADER 00000nam a2200000 i 4500
001 1/74599
008 080215s1992 gre d
035 |l 10094694 
040 |a GR-MY-UA  |b gre  |e aacr 
041 0 |a gre 
082 0 |a 370.109495  |2 (22) 
100 1 |a Πολυχρονόπουλος, Πάνος. 
245 1 0 |a Φιλοσοφία της παιδείας :  |b το υπόβαθρο της εκπαιδευτικής πολιτικής /  |c Πάνου Πολυχρονόπουλου 
250 |a 4η έκδ. 
260 |a Αθήνα :   |b Παιδαγωγία,   |c 1992 
300 |a 565 σ.;  |c 21 εκ. 
504 |a Βιβλιογραφία: σ. 525-559. Ευρετήριο 
650 0 0 |a Education  |z Greece  |x Philosophy. 
650 0 0 |a Educational sociology  |z Greece. 
650 0 0 |a Education  |x Philosophy  |x History. 
852 |a INST  |b RHODES  |e 20080215  |h 370.109495 ΠΟΛ  |p 005400029904  |q 005400029904  |t BK  |y 0 
901 |a BIBL4-2008-1 
909 |a Ρ  |b 128399 
920 |a ΕΡΓΑΣΤΗΡΙΟ ΙΣΤΟΡΙΑΣ  |y ΡΟΔΟΣ  |z 2008-02 
970 |a ΚΟΖΑ  |b ΜΑΡΙΑ  |z 2008/02/15